000 01474cab a2200241 4500
001 ##L133519
008 060516n2006 000 0 eng u
035 _a(Sirsi) u133519
041 0 _aeng
100 1 _aYu, Marco K. W.
245 0 4 _aThe social discount rate on climate change
_ba case study of Part L of Schedule 1 of the UK Building Regulations, conservation of fuel and power
260 _c2006
490 0 _aProperty Management
_v24(2) 2006, 144-161(18)
520 _aEvaluates the impact of social discount rates (also known as social time preference rates) on the economic significance of carbon dioxide reduction in the benefit-cost analysis of recent amendments of Building Regulations Part L. The benefits are estimated using an integrated-assessment economic model called DICE. Finds that the value of social discount rate is a crucial factor in deciding the economic viability of recent and future amendments to Building Regulations Part L. Graph, tables and references.
590 _aIKA230506, KA
650 2 4 _aBUILDING REGULATIONS 2000 APPROVED DOCUMENT L1A (2006 EDITION)
650 2 4 _aBUILDING REGULATIONS 2000 APPROVED DOCUMENT L1B (2006 EDITION)
650 2 4 _aBUILDING REGULATIONS 2000 APPROVED DOCUMENT L2A (2006 EDITION)
650 2 4 _aBUILDING REGULATIONS 2000 APPROVED DOCUMENT L2B (2006 EDITION)
651 4 _aEngland and Wales
_y1543-
690 _aENVIRONMENTAL AND LAND CONSULTANCY-ENERGY-ENERGY USE-ENERGY EFFICIENCY
942 _n0
999 _c77056
_d77056